Nắng mới - Bức tường không xây: Tập truyện phim

Sparad:
Bibliografiska uppgifter
Huvudupphovsman: Bành Châu
Materialtyp: Bok
Språk:Undetermined
Publicerad: Hà Nội Văn hóa 1979
Ämnen:
Taggar: Lägg till en tagg
Inga taggar, Lägg till första taggen!
Thư viện lưu trữ: Trung tâm Học liệu Trường Đại học Cần Thơ
LEADER 00556nam a2200181Ia 4500
001 CTU_13783
008 210402s9999 xx 000 0 und d
082 |a 808.823 
082 |b Ch125 
100 |a Bành Châu 
245 0 |a Nắng mới - Bức tường không xây: Tập truyện phim 
245 0 |c Bành Châu 
260 |a Hà Nội 
260 |b Văn hóa 
260 |c 1979 
650 |a moving-picture, vietnamese 
904 |i Nguyễn Quang Điền, 961212 
980 |a Trung tâm Học liệu Trường Đại học Cần Thơ